000 00677nam a2200277Ia 4500
005 20260324133451.0
008 008 260324s9999 xx 000 0 eng d
020 _a9780429213472
037 _aEBOOK
040 _aCRL
040 _beng
040 _cCRL
041 _2eng
041 _aeng
084 _qCRL
100 _aJoão Pedro A. Bastos; Nelson Sadowski
_91161702
245 0 _aElectromagnetic Modeling by Finite Element Methods
260 _bTaylor and Francis
260 _c2003
365 _a
365 _b275
856 _uhttp://www.taylorfrancis.com/books/9780429213472
942 _cEBOOK
999 _c1792261
_d1792261